[Event "28.Schlosspark-Open"]
[Site "Wiesbaden-Biebrich"]
[Date "2016.08.28"]
[Round "6.84"]
[White "Busch, GÃ¼nther"]
[Black "Gerber, Ingo"]
[Result "1/2-1/2"]
[WhiteElo "1572"]
[BlackElo "1324"]
[PlyCount "55"]
[EventDate "2016.??.??"]
[WhiteTeam "FC Bierstadt"]
[BlackTeam "SF Mainz"]

1. g3 d5 2. Bg2 Nf6 3. d3 e5 4. e3 Bd6 5. a3 O-O 6. Nd2 Re8 7. b3 Bf5 8. Ne2 c6
9. Bb2 Nbd7 10. O-O h6 11. h3 e4 12. d4 Nh7 13. Kh2 Be6 14. f3 exf3 15. Nxf3
Bf5 16. Ne5 Nxe5 17. Rxf5 Ng6 18. Qd3 Nh4 19. Rf2 Nxg2 20. Kxg2 Qc7 21. Raf1
Re7 22. c4 dxc4 23. bxc4 c5 24. Nf4 Bxf4 25. Rxf4 Rae8 26. e4 cxd4 27. Qxd4 Nf6
28. h4 1/2-1/2

[Event "28.Schlosspark-Open"]
[Site "Wiesbaden-Biebrich"]
[Date "2016.08.28"]
[Round "6.85"]
[White "Deutsch, Oliver"]
[Black "Bonrath, Werner"]
[Result "0-1"]
[WhiteElo "1456"]
[BlackElo "1552"]
[PlyCount "36"]
[EventDate "2016.??.??"]
[WhiteTeam "SK GrÃ¼ndau"]
[BlackTeam "SK Ebringen"]

1. e4 c5 2. Nf3 d6 3. d4 cxd4 4. Nxd4 Nf6 5. Nc3 a6 6. Be3 e5 7. Nf3 Be6 8. Bd3
Be7 9. Qd2 Ng4 10. O-O-O Nxe3 11. Qxe3 Nc6 12. Rhe1 Bg4 13. Nd5 Bxf3 14. gxf3
Bg5 15. f4 exf4 16. Nxf4 Qf6 17. Kb1 Bxf4 18. Qf3 Nd4 0-1

[Event "28.Schlosspark-Open"]
[Site "Wiesbaden-Biebrich"]
[Date "2016.08.28"]
[Round "6.86"]
[White "Roth, Michael"]
[Black "Fink, Michael"]
[Result "1-0"]
[WhiteElo "1540"]
[BlackElo "1109"]
[PlyCount "47"]
[EventDate "2016.??.??"]
[WhiteTeam "SC Lerchenberg/ZMO"]
[BlackTeam "TuS Makkabi Wiesbaden"]

1. e4 e5 2. Bc4 Nf6 3. d4 exd4 4. c3 dxc3 5. Nxc3 Bb4 6. Bxf7+ Kxf7 7. Qb3+ Ke8
8. Qxb4 Nc6 9. Qb3 Nd4 10. Qd1 Nc6 11. Bg5 h6 12. Bh4 g5 13. Bg3 h5 14. h3 d6
15. Qc2 Nd4 16. Qd3 c5 17. O-O-O Be6 18. Nf3 Nb3+ 19. axb3 Bxb3 20. Qb5+ Qd7
21. Qxb3 Qf7 22. Qa4+ Nd7 23. e5 d5 24. e6 1-0

[Event "28.Schlosspark-Open"]
[Site "Wiesbaden-Biebrich"]
[Date "2016.08.28"]
[Round "6.87"]
[White "Werner, Rosalie"]
[Black "Ebeling, Gereon"]
[Result "0-1"]
[WhiteElo "909"]
[BlackElo "1343"]
[PlyCount "150"]
[EventDate "2016.??.??"]
[WhiteTeam "VSG Offenbach"]
[BlackTeam "SK Mainaschaff"]

1. e4 e5 2. Nf3 Nc6 3. Bb5 a6 4. Bxc6 dxc6 5. Nc3 f6 6. O-O Bg4 7. d3 Bc5 8.
Be3 Qd6 9. h3 Bh5 10. Qe2 Ne7 11. Rfe1 O-O 12. Bxc5 Qxc5 13. Qe3 Qxe3 14. Rxe3
c5 15. Nd2 Nc6 16. Nd5 Rf7 17. f3 Nd4 18. Rc1 Rd7 19. Nc3 Bf7 20. Nb3 Rad8 21.
Ne2 c4 22. Nc5 Nxe2+ 23. Rxe2 cxd3 24. Nxd3 Bxa2 25. Nc5 Rd1+ 26. Rxd1 Rxd1+
27. Kf2 Bc4 28. Nd3 Bxd3 29. cxd3 Rxd3 30. Rc2 c6 31. Ke2 Rb3 32. Rd2 Kf8 33.
Kd1 Kf7 34. Kc2 Rb5 35. Kc3 Kg6 36. Kd3 Kg5 37. g3 Rb3+ 38. Ke2 a5 39. h4+ Kh5
40. Kf2 a4 41. Re2 a3 42. bxa3 Rxa3 43. Rb2 b5 44. Rc2 Ra6 45. f4 exf4 46. gxf4
Kxh4 47. Kf3 Ra3+ 48. Kf2 Kg4 49. e5 fxe5 50. fxe5 Kf5 51. Re2 Ke6 52. Kg2 b4
53. Rb2 c5 54. Rc2 Rc3 55. Rd2 b3 56. Kf1 Rc2 57. Ke1 Rxd2 58. Kxd2 c4 59. Kc3
Kxe5 60. Kb2 h5 61. Kc3 h4 62. Kb2 h3 63. Kc3 h2 64. Kb2 h1=Q 65. Kc3 b2 66.
Kxb2 c3+ 67. Kxc3 Qd5 68. Kb4 Qc6 69. Kb3 Qc5 70. Kb2 Qc4 71. Kb1 Qc3 72. Ka2
Qb4 73. Ka1 Kd4 74. Ka2 Kc3 75. Ka1 Qb2# 0-1